| 000 | 00372nam a2200145Ia 4500 | ||
|---|---|---|---|
| 008 | 221030s9999 xx 000 0 und d | ||
| 041 | _aEnglish | ||
| 082 | _a105.23 | ||
| 100 | _a- | ||
| 245 | 0 |
_aModern Power Station Practice Vol. 6 : Instrumentation, Controls & Testing _cby - |
|
| 260 |
_bPergamon Press Oxford _c1971 |
||
| 300 | _a764 | ||
| 650 | _aEE | ||
| 942 | _cBK | ||
| 999 |
_c10325 _d10325 |
||